Manual de consulta para invernada /

Guardado en:
Autor Principal: Vernet, Emilio
Formato: Libro
Publicado: Buenos Aires : E. Vernet, 2005
Materias:
Etiquetas: Agregar Etiqueta
Sin Etiquetas, Sea el primero en etiquetar este registro!
LEADER 01574nam a22002055a 4500
001 CEM.cems017208
005 20020923141323.0
008 130507s2005##################000#0#####d
003 CEMS
020 |a 9874388234 
082 0 4 |a 636.2 
100 1 |a Vernet, Emilio 
245 1 0 |a Manual de consulta para invernada /  |c Emilio Vernet 
260 |a Buenos Aires :  |b E. Vernet,  |c 2005 
300 |a 48 p. 
505 0 |a Zonas de invernada -- Capitalización de novillos -- factores para lograr una invernada rentable -- Tipos de novillo a invernar -- Cómo comprar y vender hacienda de invernada -- Evolución del precio de novillo en el mercado de Liniers -- Planillas para invernada -- Trazabilidad -- Dimensionamiento de las tropas -- Cómo realizar una correcta pesada -- Plan sanitario para invernada -- Tabla de equivalencias ganaderas -- Carga animal -- Métodos para calcular raciones de pasto -- Suplementación con sales minerales -- Consumo de agua -- acidosis y meteorismo -- restricción nutricional y aumento compensatorio -- Cómo se mide la producción de carne en invernada -- Pastoreso rotativo -- Cómo calcular un balance forrajero -- Complementación de pastoreos con diferentes silajes -- Adición y sustitución de de nutrientes -- Equivalencias ganaderas para suplementos -- Producción de carne por zonas -- Encierre nocturno -- Tabla de equivalente grano - Flete - Ejemplos de diferentes tipos de invernada - Rinde 
653 |a Invernada 
653 |a NutriciÓn animal 
653 |a Invrnada-tipos 
859 |a CEMS  |b BIB. CEMS - Agricultura  |h 636.2  |i V595  |p A0948.09  |t Ej.1